000 00858nam a2200265Ia 4500
001 dia_2604
003 CHAP
005 20251029160602.0
008 220117sS.A xx 000 0 und d
010 _a173122
040 _cCHAP
_amxchpua
090 _aFOLLETO 2574
100 _aSecretaria de agricultura y recursos hidraulicos. México
_9153214
110 _aMEXICO. SECRETARIA DE AGRICULTURA Y RECURSOS HIDRAULICOS
_976864
245 _aLas abejas africanas y su control /
_c por Mexico, Secretaria de agricultura y recursos hidraulicos.
260 _aMéxico :
_b SARH,
_cS.A
300 _a84 P.
500 _aS/C
505 _aOrientaciones Tecnicas,2
650 _aAbejas Reyna
_xControl
_9153215
901 _aFOLLETO 2574
902 _aM
905 _a000000S.A mx A 0000000000spa00
942 _cFOLL
_2local
999 _c173122
_d173122